| 000 | 00493 a2200169 4500 | ||
|---|---|---|---|
| 999 |
_c41335 _d41335 |
||
| 003 | OSt | ||
| 005 | 20210623114228.0 | ||
| 008 | 210623b ||||| |||| 00| 0 eng d | ||
| 020 | _a9788131712979 | ||
| 040 | _coclc | ||
| 082 |
_a612.8 _bCAR/F |
||
| 100 |
_98608 _aCarlson, Neil R. |
||
| 245 |
_aFoundations of Physiological Psychology/ _cNeil R. Carlson |
||
| 260 |
_bPearson Education, _c2019. |
||
| 300 | _a576 pages | ||
| 942 |
_2ddc _cBK _h612.8 _iCAR/F _k612.8 _mCAR/F |
||